Anjeles i demonios: Refutación de un folleto ultramontano. Estudio de aquellos dogmas a la luz de la ilustración moderna
Salvato in:
| Autore principale: | |
|---|---|
| Natura: | Libro |
| Lingua: | spagnolo |
| Pubblicazione: |
Santiago
Imprenta de La República, de Jacinto Núñez
1874
|
| Edizione: | 1a. ed |
| Soggetti: | |
| Tags: |
Aggiungi Tag
Nessun Tag, puoi essere il primo ad aggiungerne!!
|
MARC
| LEADER | 00000nam a2200000 a 4500 | ||
|---|---|---|---|
| 001 | UCJ5849 | ||
| 003 | CL-VaPUC | ||
| 008 | 070124e18740000CL |||||||||||||||||spa|d | ||
| 082 | 0 | 4 | |a 133 |b JUD |2 21 |
| 100 | 0 | |a Judith |e author |9 511686 | |
| 245 | 1 | 0 | |a Anjeles i demonios: Refutación de un folleto ultramontano. Estudio de aquellos dogmas a la luz de la ilustración moderna |
| 250 | |a 1a. ed | ||
| 300 | |a 47 p | ||
| 942 | |c BK | ||
| 945 | |d 20070124 00:00:00 |a rinostro | ||
| 260 | |a Santiago |b Imprenta de La República, de Jacinto Núñez |c 1874 | ||
| 650 | 7 | |a ESPIRITISMO |2 CL-VaPUC |9 344956 | |
| 650 | 7 | |a ULTRAMONTANISMO |2 CL-VaPUC |9 507545 | |
| 650 | 0 | |a Sagradas escrituras |9 349657 | |
| 650 | 0 | |a Teología dogmática |9 313198 | |
| 583 | |a last modification |c 20070124 00:00:00 |k Rodrigo Vera | ||
| 999 | |c 321957 |d 321955 | ||
| 952 | |0 0 |1 0 |4 0 |6 133_000000000000000_JUD_1874 |7 0 |8 X |9 400853 |a FDOBUD |b FDOBUD |d 2019-11-22 |i 1040480 |o 133 JUD 1874 |p 1040480 |r 2019-11-22 |w 2019-11-22 |y BK_X |k BUD | ||